000 00995nam a2200313 i 4500
001 54940
003 KOSZ 005
005 20210927111012.0
008 060629s2006 pl a e |000 0dpol
015 _aPB 2006/13885
020 _a8374470356
040 _aWA N
_cWA N
_dKOSZ 005/HR
046 _k2006
080 _a7.03(438)(091)
080 _a(03)
245 0 0 _aMała encyklopedia sztuki polskiej /
_c[aut. Janusz Antos et al.].
260 _aKraków :
_bWydawnictwo Kluszczyński,
_c[2006].
300 _a230, [2] s. :
_bil. (gł. kolor.) ;
_c29 cm.
380 _aKsiążki
388 _a2001-
650 4 _aHistoria sztuki
655 4 _aSztuka polska
655 4 _aEncyklopedia
658 _aKultura i sztuka
700 1 _aAntos, Janusz
_d(1966- )
_eAutor
710 2 _aWydawnictwo Ryszard Kluszczyński
856 _uhttp://koha.tu.koszalin.pl/cgi-bin/koha/opac-detail.pl?biblionumber=54940
_yKatalog online BPK
942 _2UKD
_cKS
999 _c54940
_d54940